[Event "Rowy Jantar op"]
[Site "Rowy"]
[Date "2000.06.??"]
[Round "2"]
[White "Szustakowski, Piotr"]
[Black "De Nicolay, Charles"]
[Result "0-1"]
[WhiteElo "1000"]
[BlackElo "1400"]
[PlyCount "50"]
[EventDate "2000.06.??"]
[EventType "swiss"]
[EventRounds "9"]
[EventCountry "POL"]
[SourceTitle "EXT 2005"]
[Source "ChessBase"]
[SourceDate "2004.11.15"]
[SourceVersion "1"]
[SourceVersionDate "2004.11.15"]
[SourceQuality "1"]

1. e4 e5 2. Nf3 Nc6 3. g3 Nf6 4. Nc3 Bc5 5. Bg2 0-0 6. 0-0 d6 7. b3 Bg4 8. d3 Bd4 9. Bb2 d5 10. Qd2 Bxf3 11. Bxf3 Bxc3 12. Bxc3 d4 13. Bb2 Qd7 14. c3 Qh3 15. Bg2 Qh5 16. Bc1 Ng4 17. Re1 Qxh2+ 18. Kf1 f5 19. Ba3 Rf6 20. exf5 Rxf5 21. Re2 Raf8 22. Bxf8 Rxf8 23. b4 Ne3+ 24. Ke1 Qg1+ 25. Bf1 Qxf1# 0-1